Statistics for Trollhunters Season 1

Click here to take the quiz!

General Stats

  • This quiz has been taken 99 times
  • The average score is 14 of 16

Answer Stats

QuestionAnswer% Correct
Who gets stuck in the lockers?Eli
99%
Who is the main bully at school?Steve
99%
What is Jim's mother's name?Barbara
97%
What is the large crystal in Troll Market called?Heartstone
96%
Who is Bella dating?Bella doesn't exist
94%
Who is Gunmar's son?Bular
94%
Fill in the blanks: For the ______ of ______, daylight is mine to _______.Glory, Merlin, command
94%
What are the green monsters that say, "Waka Chaka!" called?Goblins
94%
Where does Jim find the amulet?The Canal
94%
Is Strickler good or bad?He changes from bad to good
93%
How old does Jim turn on his birthday?16
92%
Who was the show created by?Guillermo del Toro
90%
What are our three protagonist's names?Jim, Claire and Toby
90%
Who is the mole mascot?Darci
89%
What color are Toby and Jim's eyes?Jim's are blue and Toby's are teal
59%
Is Trollhunters awesome?It depends on your opinion
8%

Score Distribution

Percentile by Number Answered

Percent of People with Each Score

Your Score History

You have not taken this quiz